Tratado de Pediatría / (Record no. 146268)

MARC details
000 -LEADER
campo de control de longitud fija 00665nam a2200181 i 4500
001 - NÚMERO DE CONTROL
campo de control 146268
003 - IDENTIFICADOR DE NÚMERO DE CONTROL
campo de control ES-MaACL
007 - CAMPO FIJO DE DESCRIPCIÓN FÍSICA--INFORMACIÓN GENERAL
campo de control de longitud fija t|
008 - DATOS DE LONGITUD FIJA--INFORMACIÓN GENERAL
campo de control de longitud fija 070906s1947 sp ||||1| spa d
245 00 - MENCIÓN DEL TÍTULO
Título Tratado de Pediatría /
Mención de responsabilidad, etc. por Ph. Bamberger, R. Degkwitz, E. Glanzmann [et. al] ; traducción de la tercera edicción alemana por los Doctores F. Sánchez-Saráchaga y Francisco Piñero.
250 ## - MENCION DE EDICION
Mención de edición 2ª ed.
260 ## - PUBLICACIÓN, DISTRIBUCIÓN, ETC.
Lugar de publicación, distribución, etc. Barcelona, etc :
Nombre del editor, distribuidor, etc. Labor S.A.,
Fecha de publicación, distribución, etc. 1947.
300 ## - DESCRIPCIÓN FÍSICA
Extensión XVI, 867 p. :
Otras características físicas il. ;
Dimensiones 25 cm.
700 1# - ENTRADA AGREGADA--NOMBRE PERSONAL
Nombre de persona Bamberger, Ph.
9 (RLIN) 25146
700 1# - ENTRADA AGREGADA--NOMBRE PERSONAL
Nombre de persona Sánchez Sarachaga, F.
9 (RLIN) 102928
700 1# - ENTRADA AGREGADA--NOMBRE PERSONAL
Nombre de persona Piñero, Francisco.
9 (RLIN) 92274
852 ## - LOCALIZACIÓN
Ubicación ES-MaACL
Número de control de estantería E-2343
Sublocalización o colección R.25236
Holdings
Estatus retirado Estado de pérdida Estado de daño No para préstamo Biblioteca de origen Biblioteca actual Ubicación en estantería Fecha de adquisición Fuente de adquisición Total de préstamos Signatura topográfica completa Código de barras Visto por última vez Precio de reemplazo Tipo de ítem Koha
        Biblioteca del Ateneo de Madrid Biblioteca del Ateneo de Madrid Depósito 2 17/01/2008     E-2343 1152668 23/02/2023 23/02/2023 Libro impreso